| 000 | 00624nam a2200217Ia 4500 | ||
|---|---|---|---|
| 001 | 15332 | ||
| 003 | GE_BSU | ||
| 008 | 181216s||||||||xx |||||||||||||| ||und|| | ||
| 040 | _cGE_BSU | ||
| 100 | _aქუთათელი, ა. | ||
| 245 | _aმებრძოლები | ||
| 245 | _b[მოთხრობები] | ||
| 245 | _cრედ.თ.შავიშვილი | ||
| 260 | _aთბილისი | ||
| 260 | _bფედერაცია | ||
| 260 | _c1942 | ||
| 300 | _a128გვ. ; 15სმ. | ||
| 653 | _aმებრძოლები | ||
| 653 | _aმოთხრობები | ||
| 942 | _cBK | ||
| 999 |
_c48440 _d48440 |
||